000 01110nam0a22002771 4500
001 rc\4759142
005 20130417095422.8
021 _aRU
_b[58-55309]
035 _a(NLR Aleph) 009015711
090 _a9396247
_c9396247
100 _a20130417d1958 |||y0rusy50 ca
101 0 _arus
102 _aRU
105 _aa z |||||
200 1 _aБольше продукции с единицы оборудования
_e[Прессовщица орехово-зуевского завода "Карболит" А.С. Клопова]
_f[Всесоюз. пром. выставка]. Моск. обл. совнархоз
210 _aМосква
_cЦБТИ
_d1958
215 _a16 с.
_cил.
_d22
606 _aПластмассовые заводы
_xОрганизация производства
_2psbo
606 _aПластмассы
_xПрессование
_2psbo
700 1 _aЛякина
_bЗ. Н.
702 1 _aКлопова
_bА. С.
_gАлександра Семеновна
_4570
801 0 _aRU
_bNLR
_gpsbo
801 1 _aRU
_bELAR
_2rusmarc
852 _aNLR
_j58-6/8138
942 _cBOOK
980 _aNB